000
00289nam a22001337a 4500
008
170504b xxu||||| |||| 00| 0 eng d
020
_a
9780534549633
041
_a
eng
080
_2
2ND
_a
34
100
_a
14
101
_a
SHJ
245
_a
JUDICIAL PROCESS
_c
TARR, G.A
942
_2
udc
_c
BK
999
_c
12654
_d
12654